عبدل حلیم شرار : (Record no. 106584)

MARC details
000 -LEADER
fixed length control field 00919nam a22002537a 4500
005 - DATE AND TIME OF LATEST TRANSACTION
control field 20170123162314.0
010 ## - LIBRARY OF CONGRESS CONTROL NUMBER
LC control number B-069936
020 ## - INTERNATIONAL STANDARD BOOK NUMBER
Terms of availability 25.00
International Standard Book Number 8126013532
035 ## - SYSTEM CONTROL NUMBER
System control number B-069936
037 ## - SOURCE OF ACQUISITION
Source of stock number/acquisition Cen Lib/Ret
040 ## - CATALOGING SOURCE
Original cataloging agency DPL
Language of cataloging UR
082 ## - DEWEY DECIMAL CLASSIFICATION NUMBER
Classification number 840.8
Item number ا ب د
100 ## - MAIN ENTRY--PERSONAL NAME
Personal name جعفر رضا
9 (RLIN) 661
245 ## - TITLE STATEMENT
Title عبدل حلیم شرار :
Statement of responsibility, etc جعفر رضا
Remainder of title ہندوستانی ادب کے معمار /
246 ## - VARYING FORM OF TITLE
Title proper/short title Abdul Halim Sharar : hindustani adab ke maamar /
Remainder of title by Abdul Jafar
260 ## - PUBLICATION, DISTRIBUTION, ETC. (IMPRINT)
Place of publication, distribution, etc نیی دہلی
Name of publisher, distributor, etc ساہتیہ اکادمی
Date of publication, distribution, etc 1988
270 ## - ADDRESS
City نیی دہلی
Address رویندرا بھوں ٣٥ فیروز شاہ مرگ
Postal code 110001
300 ## - PHYSICAL DESCRIPTION
Extent 143p.
Dimensions 20cm(Hb)
650 ## - SUBJECT ADDED ENTRY--TOPICAL TERM
Topical term or geographic name as entry element اردو ادب
9 (RLIN) 113531
650 ## - SUBJECT ADDED ENTRY--TOPICAL TERM
Topical term or geographic name as entry element اردوسوانح عمری
9 (RLIN) 108678
650 ## - SUBJECT ADDED ENTRY--TOPICAL TERM
Topical term or geographic name as entry element Urdu literature
9 (RLIN) 113532
650 ## - SUBJECT ADDED ENTRY--TOPICAL TERM
Topical term or geographic name as entry element Urdu boigraphy
9 (RLIN) 110954
942 ## - ADDED ENTRY ELEMENTS (KOHA)
Source of classification or shelving scheme Dewey Decimal Classification
Koha item type Urdu Bks
Classification part 840.8
Call number suffix ا ب د
Holdings
Withdrawn status Lost status Damaged status Not for loan Home library Current library Date acquired Source of acquisition Cost, normal purchase price Total Checkouts Full call number Barcode Date last seen Copy number Cost, replacement price Price effective from Koha item type
        Central Library Central Library 26/12/2015 Cen Lib/Ret 25.00   840.8 ا ب د B-069936 26/12/2015 1 25.00 26/12/2015 Urdu Bks

© Delhi Public Library
Hit Counter
free hit counter